000 00228nam a2200097Ia 4500
008 170619s9999 xx 000 0 und d
100 _aKhan- M. Y. Jain
245 0 _aManagement accounting
260 _bNew Delhi T M H
260 _c2004
546 _aENGLISH
999 _c21943
_d21943